000
00330pam a2200157a 44500
008
230515b1976 xxu||||| |||| 00| 0 eng d
020
_a
NULL
041
_a
ENGLISH
082
_a
N.D.
100
_a
Threads
245
_a
ISO Metric Screw
250
_a
0
260
_a
NULL
_b
Indian Std.
_c
1976
300
_a
4
650
_a
NULL
999
_c
574388
_d
574388